[Event "Nettetal Chessgate op"]
[Site "Nettetal"]
[Date "2004.08.12"]
[Round "6"]
[White "Jansen, Sieglinde"]
[Black "Wirths, Martin"]
[Result "1-0"]
[WhiteElo "1450"]
[BlackElo "1073"]
[PlyCount "83"]
[EventDate "2004.08.07"]
[EventType "swiss"]
[EventRounds "9"]
[EventCountry "GER"]
[SourceTitle "EXT 2006"]
[Source "ChessBase"]
[SourceDate "2005.11.24"]
[SourceVersion "1"]
[SourceVersionDate "2005.11.24"]
[SourceQuality "1"]

1. e4 d5 2. exd5 Qxd5 3. Nc3 Qa5 4. d4 c6 5. Bd2 Bf5 6. Bc4 Qc7 7. Qf3 e6 8. 0-0-0 Nf6 9. h3 Be7 10. Nge2 0-0 11. g4 Bg6 12. Nf4 Qd6 13. Nxg6 fxg6 14. Qe3 Nd5 15. Nxd5 cxd5 16. Bd3 Nc6 17. f4 Rf6 18. g5 Rf7 19. Rhe1 Nd8 20. h4 Rc8 21. Qh3 Rc6 22. h5 Rxf4 23. hxg6 Nf7 24. gxf7+ Kxf7 25. Rf1 Bxg5 26. Qh5+ Kf6 27. Qxh7 Bh6 28. Kb1 e5 29. Bxf4 exf4 30. Qf5+ Ke7 31. Rde1+ Kd8 32. Qf7 Qd7 33. Qf8+ Kc7 34. Re7 Rf6 35. Rxd7+ Kxd7 36. Qc5 a6 37. Qxd5+ Kc7 38. Be4 b6 39. Qb7+ Kd6 40. Qxb6+ Ke7 41. Qc7+ Ke6 42. d5# 1-0

[Event "Nettetal Chessgate op"]
[Site "Nettetal"]
[Date "2004.08.11"]
[Round "5"]
[White "Jansen, Sieglinde"]
[Black "Runkel, Hans Joachim"]
[Result "0-1"]
[WhiteElo "1450"]
[BlackElo "1677"]
[PlyCount "86"]
[EventDate "2004.08.07"]
[EventType "swiss"]
[EventRounds "9"]
[EventCountry "GER"]
[SourceTitle "EXT 2006"]
[Source "ChessBase"]
[SourceDate "2005.11.24"]
[SourceVersion "1"]
[SourceVersionDate "2005.11.24"]
[SourceQuality "1"]

1. e4 e5 2. Nf3 d6 3. d4 Nd7 4. dxe5 dxe5 5. Be2 Be7 6. Nc3 c6 7. 0-0 Ngf6 8. Bg5 0-0 9. Nh4 Nb6 10. Qxd8 Rxd8 11. Rad1 Be6 12. Nf3 Nbd7 13. a3 Kf8 14. Rd2 h6 15. Bh4 Ne8 16. Rfd1 f6 17. h3 Nb6 18. Bg3 Nd6 19. Nh4 Bf7 20. f4 Nbc4 21. Bxc4 Nxc4 22. Rxd8+ Rxd8 23. Rxd8+ Bxd8 24. b3 exf4 25. Bf2 Nxa3 26. Bxa7 Nxc2 27. Bc5+ Be7 28. Bxe7+ Kxe7 29. Nf5+ Kf8 30. Nd6 b5 31. Nxf7 Kxf7 32. Ne2 g5 33. Kf2 Ke6 34. Kf3 h5 35. g4 h4 36. Kf2 Ke5 37. Nc1 Kxe4 38. Ne2 Kd3 39. Nc1+ Kc3 40. Ke2 Nd4+ 41. Kd1 Nxb3 42. Na2+ Kc4 43. Ke2 b4 0-1